Cấu trúc hội thoại trong ca dao người Việt

Cơ sở lí luận của đề tài. Đặc trưng cấu trúc hội thoại trong ca dao người Việt. Văn hóa ứng xử giao tiếp trong ca dao

Sparad:
Bibliografiska uppgifter
Huvudupphovsman: Phan Thị Kim Chi
Övriga upphovsmän: Lê Đức Luận TS. (Hướng dẫn)
Materialtyp: Bok
Språk:Vietnamese
Publicerad: Đà Nẵng Đại học Sư phạm, Đại học Đà Nẵng 2013
Ämnen:
Taggar: Lägg till en tagg
Inga taggar, Lägg till första taggen!
Thư viện lưu trữ: Mạng thư viện Đại học Đà Nẵng
LEADER 01599nam a2200385 4500
001 000019009
003 15444
005 20140313090335.0
008 140226s2013 viesd
041 |a vie 
072 |a VH 
082 1 4 |a 398.9  |b PH-C 
100 1 |a Phan Thị Kim Chi 
245 1 0 |a Cấu trúc hội thoại trong ca dao người Việt  |c Phan Thị Kim Chi ; Lê Đức Luận hướng dẫn  |k Khóa luận tốt nghiệp 
260 |a Đà Nẵng  |b Đại học Sư phạm, Đại học Đà Nẵng  |c 2013 
300 |a 73 tr.  |c 29 cm. 
500 |a Khóa luận tốt nghiệp đại học. Chuyên ngành: Sư phạm Ngữ văn 
520 |a Cơ sở lí luận của đề tài. Đặc trưng cấu trúc hội thoại trong ca dao người Việt. Văn hóa ứng xử giao tiếp trong ca dao 
650 0 4 |a Ca dao  |v Khóa luận tốt nghiệp  |x Người Việt  |x Nghiên cứu  |z Việt Nam 
653 |a Khoa Ngữ văn 
653 |a Ca dao Việt Nam 
653 |a Người Việt 
653 |a Văn học dân gian 
653 |a Hội thoại 
700 1 |a Lê Đức Luận  |c TS.  |e Hướng dẫn 
OWN |a LSP 
AVA |a UDN50  |b LSP  |d 398.9 PH-C  |e available  |t Error 5001 Not defined in file expand_doc_bib_avail.  |f 1  |g 0  |h N  |i 0  |k 1 
999 |a From the UDN01 
AVA |a UDN50  |b LSP  |d 398.9 PH-C  |e available  |t Error 5001 Not defined in file expand_doc_bib_avail.  |f 1  |g 0  |h N  |i 0  |k 1 
TYP |a Monograph 
TYP |a Printed language 
980 |a Mạng thư viện Đại học Đà Nẵng